| 000 | 00883 a2200217 4500 | ||
|---|---|---|---|
| 003 | Nust | ||
| 005 | 20230321123951.0 | ||
| 010 | _a 56007412 | ||
| 020 | _a0538017503 | ||
| 035 | _a(OCoLC)745194 | ||
| 040 | _cNust | ||
| 082 | _a657.42,MAT | ||
| 100 | 1 |
_aMatz, Adolph, _944624 |
|
| 245 | 0 | 0 |
_aCost Accounting : _bPlanning and Control / _cAdolph Matz, Othel J. Curry [and] George W. Frank. |
| 250 | _a5th ed. | ||
| 260 |
_aCincinnati, _bSouth-Western Pub. Co. _c[1957] |
||
| 300 |
_a838 p. _billus. _c24 cm. |
||
| 505 | _aCost Accounting Concepts and Objectives (Page-1), Cost Information Systems and Accumulation Procedures(Page-58), Planning and Control of Factory Overhead (Page-183), Materials and Labor Planning and Control (Page-285), Planning of Profits Cost and Sales (Page-405), Cost and Profit Analysis (Page-611). | ||
| 650 | 0 | _aCost accounting. | |
| 942 |
_2ddc _cBK |
||
| 999 |
_c185939 _d185939 |
||